Demographic Profile of Scheduled Castes in Odisha (1961-2011)/ (Record no. 211432)

MARC details
000 -LEADER
fixed length control field 00666nam a2200181 4500
005 - DATE AND TIME OF LATEST TRANSACTION
control field 20250528163423.0
010 ## - LCCN (DPL NO)
LC control number ENG-145056
020 ## - INTERNATIONAL STANDARD BOOK NUMBER
Terms of availability 4451.00
International Standard Book Number 9789380705460
035 ## - SYSTEM CONTROL NUMBER
System control number EN-128588
037 ## - SOURCE OF ACQUISITION
Source of stock number/acquisition DBAD/PUB
082 ## - DEWEY DECIMAL CLASSIFICATION NUMBER
Classification number 305.51220954
100 ## - MAIN ENTRY--PERSONAL NAME
Personal name Ota, A.B
245 ## - TITLE STATEMENT
Title Demographic Profile of Scheduled Castes in Odisha (1961-2011)/
Statement of responsibility, etc A.B Ota [and] S. C. Mohanty
260 ## - PUBLICATION, DISTRIBUTION, ETC. (IMPRINT)
Place of publication, distribution, etc BHUBANESWAR
Name of publisher, distributor, etc SCHEDULED CASTES AND SCHEDULED TRIBES RESEARCH AND TRAINING INSTITUTE
270 ## - ADDRESS
Address SCHEDULED CASTES AND SCHEDULED TRIBES RESEARCH AND TRAINING INSTITUTE
City BHUBANESWAR
300 ## - PHYSICAL DESCRIPTION
Extent 279p.
Dimensions 25cm(hb)
942 ## - ADDED ENTRY ELEMENTS (KOHA)
Source of classification or shelving scheme Dewey Decimal Classification
Item type English Books
Classification part 305.51220954
Call number suffix OTA
Holdings
Withdrawn status Lost status Not for loan Collection code Home library Current library Date acquired Source of acquisition Cost, normal purchase price Full call number Barcode Copy number Cost, replacement price Koha item type
      Non-fiction New Police Line New Police Line 28/05/2025 Delivery of Books Act Division 4451.00 305.51220954 OTA EN-128588 1 4451.00 English Books

© Delhi Public Library
Hit Counter
free hit counter